| 000 | 01224nam a2200349 a 4500 | ||
|---|---|---|---|
| 001 | 000018507 | ||
| 003 | DO-SdBNP | ||
| 005 | 20210722125157.0 | ||
| 008 | 100511s2009 dr c 000 0 spa d | ||
| 020 | _a9789993458791 | ||
| 040 |
_aBPMSU _bspa _cBPMSU |
||
| 049 | _aBNPD | ||
| 082 |
_a333.72 _bG643m 2009 _222 |
||
| 100 | 1 | _aGonzález, Juan Antonio | |
| 245 | 1 | 0 |
_aMedio ambiente y calentamiento global : _b¿Apocalipsis o realidad? / _cJuan Antonio González ; encargado de edición Candido Gerón ; corrección de pruebas Paula Batista. |
| 260 |
_aSanto Domingo : _bMonumental, _c2009. |
||
| 300 |
_a313 p. : _bils., retrs. ; _c23 cm. |
||
| 500 | _aIncluye datos biográficos del autor en las solapas | ||
| 504 | _aIncluye referencias bibliográficas y notas al pie de las páginas | ||
| 650 | 4 | _aConservación del medio ambiente | |
| 650 | 4 | _aControl ambiental | |
| 650 | 4 | _aCoservación de la naturaleza | |
| 650 | 4 | _aCalentamiento global | |
| 650 | 4 | _aEfecto de invernadero | |
| 650 | 4 |
_aSuelos _xAspectos ambientales |
|
| 650 | 4 | _aDeforestación | |
| 650 | 4 | _aEcosistemas | |
| 700 | 1 |
_aGern, Candido, _eenc. ed. |
|
| 700 | 1 |
_aBatista, Paula, _ecorr. |
|
| 910 | _aVMateo V. | ||
| 942 |
_2ddc _cBK |
||
| 999 |
_c13600 _d13600 |
||